Personnel management

Bibliographic Details
Main Author: Tyson, Shaun
Other Authors: York, Alfred
Format: Book
Published: Oxford : Made Somple Books , 1992
Subjects:

MARC

LEADER 00000cam a2200000 7i4500
001 0000004267
002 000004586
005 20000330.0
020 |a 0750607262 
090 0 0 |a 658.3   |b TYS 
100 1 |a Tyson, Shaun 
245 0 0 |a Personnel management   |c by Shaun Tyson and Alfred York 
260 |a Oxford :   |b Made Somple Books ,   |c 1992 
300 |a 340p. ;   |c 23cm. 
650 0 0 |a Personnel management   |x Handbooks, manuals, etc 
700 1 |a York, Alfred 
999 |a 030165   |b BUKU   |c PINJAMAN   |e PERPUSTAKAAN KOMUNITI PETALING JAYA